| 000 | 00407nam a22001457a 4500 | ||
|---|---|---|---|
| 008 | 250701b |||||||| |||| 00| 0 eng d | ||
| 020 | _a9789789816705 | ||
| 050 |
_aHG6024.A3 _b.O94 |
||
| 100 | _aOyedokun E. Godwin | ||
| 245 | _aFinancial market and derivatives | ||
| 260 |
_aIkeja _bOge business school publisher _c2020 |
||
| 300 |
_axx, 284 p. _bill |
||
| 650 | _aFinancial institutions | ||
| 942 | _cBK | ||
| 999 |
_c4037 _d4037 |
||